000 00524cam a2200169u 4500
082 _a526.8
_bSUR
_cL-16, P-40
110 1 _aSurvey office, Survey of Pakistan,
_939611
245 1 0 _aFair mapping.
250 _a7th ed.
260 _aMurree,
_bPrinted at the Survey office, Survey of Pakistan,
_c1952
300 _ax, 160, xi-xxxi p.
_c22 cm.
526 _a0
_b0
_c0
_d526_800000000000000_SUR
650 0 _aMCE
_9379
650 0 _aTopographical drawing.
_939612
650 0 _aTopographical surveying.
_939548
942 _2ddc
_cBK
999 _c544070
_d544070